Statistical methods for physical science /

Guardado en:
Otros Autores: Stanford, John L., 1938- (Editor ), Vardeman, Stephen B. (Editor )
Formato: Libro
Idioma:English
Publicado: San Diego, Calif. : Academic Press, c1994.
Series:Methods of experimental physics ; v. 28
Materias:
Acceso en línea:Publisher description
Etiquetas: Agregar Etiqueta
Sin Etiquetas, Sea el primero en etiquetar este registro!
LEADER 02092pam a2200253 a 4500
001 MAT.inmabb003679
008 940113s1994####caua#####b####001#0#eng##
005 20160415153702.0
245 0 0 |a Statistical methods for physical science /  |c edited by John L. Stanford and Stephen B. Vardeman. 
260 |a San Diego, Calif. :  |b Academic Press,  |c c1994. 
300 |a xix, 542 p. :  |b il. ;  |c 24 cm. 
440 0 |a Methods of experimental physics ;  |v v. 28 
504 |a Incluye referencias bibliográficas e índice. 
505 0 |a William R. Leo, Introduction to probability modeling -- Laurent Hodges, Common univariate distributions -- Christopher Chatfield, Random process models -- Noel Cressie, Models for spatial processes -- Peter Clifford, Monte Carlo methods -- John Kitchin, Basic statistical inference -- Vijayan N. Nair and Anne E. Freeny, Methods for assessing distributional assumptions in one- and two-sample problems -- William Q. Meeker and Luis A. Escobar, Maximum likelihood methods for fitting parametric statistical models -- George A. F. Seber and Christopher J. Wild, Least squares -- William J. Randel, Filtering and data preprocessing for time series analysis -- Donald B. Percival, Spectral analysis of univariate and bivariate time series -- David A. Lewis, Weak periodic signals in point process data -- Dale L. Zimmerman, Statistical analysis of spatial data -- Harry F. Martz and Ray A. Waller, Bayesian methods -- John M. Hauptman, Simulation of physical systems -- John L. Stanford and Jerald R. Ziemke, Field (map) statistics -- Frederick L. Hulting and Andrzej P. Jaworski, Modern statistical computing and graphics -- Tables. 
510 4 |a MR,  |c 95j:62002 
020 |a 0124759734 
700 1 |a Stanford, John L.,  |d 1938-  |4 edt 
700 1 |a Vardeman, Stephen B.  |4 edt 
650 0 |a Physical sciences  |x Experiments  |x Statistical methods. 
084 |a 62-01 (62-06 62P35)  |2 msc2000 
010 |a  93000182  
040 |a DLC  |c DLC  |d DLC 
856 4 2 |3 Publisher description  |u http://www.loc.gov/catdir/description/els032/93000182.html 
859 |h 62  |i St797-1  |p A-7405  |b BIB. MATEMATICA